Statistics for The worlds weirdest lakes

Click here to take the quiz!

General Stats

  • This quiz has been taken 11 times
  • The average score is 4 of 10

Answer Stats

HintCountryLake% Correct
Filled with enormous quantities of methane gasRussiaLake Baikal
88%
At Winter, You can go surfing in itUnited States/CanadaLake Superior
88%
Became infested with sharks when flooding brought in contact with the adjacent riverAustraliaCarbrook Golf Club Lake
25%
In a perpetual state of boilingDominicaDominica's Boiling Lake
25%
Has a giant swarm of Jellyfish in itPalauJellyfish Lake
25%
Has red waterBoliviaLaguna Colorada
25%
Has a bell tower in itItalyLake Resia
25%
The worlds largest natural asphalt depositTrinidad And TobagoPitch Lake
25%
A lake on an island in a lake on an islandPhilippinesTaal Volcano Main Crater Lake
25%
Has a haunted palace in itIndiaMan Sagar Lake
13%

Score Distribution

Percentile by Number Answered

Percent of People with Each Score

Your Score History

You have not taken this quiz